Statistics for Jessica Chastain Filmography

Click here to take the quiz!

General Stats

  • This quiz has been taken 59 times
    (5 since last reset)
  • The average score is 38 of 83

Answer Stats

TypeYearName% Correct
Film2019Dark Phoenix
100%
Film2019It Chapter Two
100%
Film2012Madagascar 3: Europe's Most Wanted
100%
Film2014A Most Violent Year
80%
Film2022Armageddon Time
80%
Film2020Ava
80%
Film2015Crimson Peak
80%
Film2014Interstellar
80%
Short Documentary2018Jessica Chastain: The Tree of Life
80%
Film2008Jolene
80%
Theater2006Salome
80%
Film2013Salomé
80%
Film2022The 355
80%
Film2010The Debt
80%
Film2021The Eyes of Tammy Faye
80%
Film2011The Help
80%
Film2015The Martian
80%
Film2011The Tree of Life
80%
Film2017The Zookeeper's Wife
80%
Film2012Zero Dark Thirty
80%
TV Mini-Series2022-2023George & Tammy
60%
Film2012Lawless
60%
Film2013Mama
60%
Film2016Miss Sloane
60%
Film2017Molly's Game
60%
Film2024Mothers' Instinct
60%
TV Mini-Series2021Scenes from a Marriage
60%
Film2011Take Shelter
60%
Film2011Texas Killing Fields
60%
Film2013The Disappearance of Eleanor Rigby
60%
Film2022The Good Nurse
60%
Film2016The Huntsman: Winter's War
60%
Film2017Woman Walks Ahead
60%
TV Mini-Series2006Blackbeard
40%
TV Show2006Close to Home
40%
Film2011Coriolanus
40%
TV Pilot2004Dark Shadows
40%
TV Show2004ER
40%
Music Video2017Family Feud
40%
TV Show2007Journeyman
40%
TV Show2005, 2006Law & Order: Trial by Jury
40%
Film2023Memory
40%
Film2014Miss Julie
40%
Theater1998Romeo and Juliet
40%
TV Show2018Saturday Night Live
40%
Virtual Reality2018Spheres: Songs of Spacetime
40%
Film2009Stolen
40%
Film2012The Color of Time
40%
Film2021The Forgiven
40%
Documentary2015Unity
40%
TV Show2004Veronica Mars
40%
Documentary2011Wilde Salomé
40%
Theater2023A Doll's House
20%
TV Show2010Agatha Christie's Poirot
20%
TV Show2016Animals.
20%
Short Film2015Ares III: Farewell
20%
Short Film2015Ares III: The Right Stuff
20%
TV Short2015Hormivuela Como Puedas
20%
Documentary2017I Am Jane Doe
20%
Short Film2017I Am Little Red
20%
FilmTBALear Rex
20%
Documentary2013Letters to Jackie: Remembering President Kennedy
20%
Documentary Series2023Liv Ullmann: A Road Less Travelled
20%
Theater2009Othello
20%
Commercial2017-2018Ralph Lauren
20%
Documentary Mini-Series2022Reframed: Marilyn Monroe
20%
Theater2004, 2005Rodney's Wife
20%
Short Film2014Scripted Content
20%
Theater2004, 2005The Cherry Orchard
20%
Theater2017The Children's Monologues
20%
FilmTBAThe Division
20%
TV Show2006The Evidence
20%
Theater2012-2013The Heiress
20%
Virtual Reality2016The Martian VR Experience
20%
Short Film2021The Sands Between
20%
Web SeriesTBAThe Savant
20%
Podcast2023The Space Within
20%
Short Film2010The Westerner
20%
Documentary2018This Changes Everything
20%
TV Show2007'Til Death
20%
Short Film2011Touch of Evil
20%
Short Film2006Yo-Ho-Ho and Shooting a Gun
20%
Commercial2012Yves Saint Laurent Manifesto
20%

Score Distribution

Percentile by Number Answered

Percent of People with Each Score

Your Score History

You have not taken this quiz since the last reset